000 00851nam a22002297a 4500
999 _c12472
_d12472
003 AR-CdUCM
008 190409b ||||| |||| 00| 0 spa d
020 _a978-612-45822-0-2
040 _aMUNICIPALIDAD PROVINCIAL DEL CUSCO
_cBIBLIOTECA MUNICIPAL DEL CUSCO
082 _aC / 985.612 /
_bE43
100 _aElorrieta Salazar, Fernando E.
_924104
245 _aVisión andina de Machupicchu /
260 _aCusco :
_bPakarina,
_c2010.
300 _a241 páginas ;
_bIlustraciones,
_c24 cm.
505 _aContenido: Los incas: el cosmo y un destino -- Machupicchu: espacio y simbolismo -- La ciudad cóndor: diseño y esculto arquitecturas -- Ocaso de Machupicchu.
650 _aIncas
_9303
650 _aSimbolismo
_912398
650 _aUrbanismo andino
_930326
650 _aMachupicchu
_91751
942 _2ddc
_cLIBROS
945 _aacv
_d2019-04-09